| 000 | 00790nam a2200229Ia 4500 | ||
|---|---|---|---|
| 999 |
_c41116 _d41116 |
||
| 001 | 7766 | ||
| 003 | GE_BSU | ||
| 005 | 20220708121504.0 | ||
| 008 | 181216s2011en xx |||||||||||||| ||eng|| | ||
| 020 | _a9781854411732 | ||
| 040 | _cGE_BSU | ||
| 080 | _a338.48+910.01B-15 | ||
| 100 |
_aBaggio, Rodolfo . _914330 |
||
| 245 |
_aQuantitative Methods in Tourism : _b a handbook / _cBaggio, Rodolfo and Klobas, Jane. |
||
| 264 |
_aBristol : _bChannel View Publications, _c2011. |
||
| 300 | _a225 p. Ill. 24 cm. | ||
| 653 | _aQuantitative Methods in Tourism | ||
| 653 | _aრაოდენობრივი მეთოდები ტურიზმის სახელმძღვანელო | ||
| 653 | _aტურიზმი | ||
| 700 |
_aJane, Klobas _914331 |
||
| 942 |
_cBK _2udc |
||